The noble scholar, jurist, historian


 His Excellency Dr. Abdul Wahhab bin Ibrahim Abu Sulaiman, may Allah have mercy on him.


 He was born in Umm Al-Qura in the year 1356 AH.

بحوث وفتاوى إسلامية في قضايا معاصرة / (Record no. 2192)

MARC details
000 -LEADER
fixed length control field 02571cam a2200301 ia4500
003 - CONTROL NUMBER IDENTIFIER
control field SA-RiAUC
005 - DATE AND TIME OF LATEST TRANSACTION
control field 20241109082747.0
008 - FIXED-LENGTH DATA ELEMENTS--GENERAL INFORMATION
fixed length control field 240909s1994 ua g f000 0 ara c
024 0# - OTHER STANDARD IDENTIFIER
Standard number or code 00000000971095
040 ## - CATALOGING SOURCE
Original cataloging agency SA-RiAUC
Language of cataloging ara
Transcribing agency SA-RiAUC
Modifying agency AE-DuMBRL
Description conventions rda
050 #4 - LIBRARY OF CONGRESS CALL NUMBER
Item number .J33 1994
082 04 - DEWEY DECIMAL CLASSIFICATION NUMBER
Classification number 259.072
Assigning agency SA-RiAUC
090 ## - LOCALLY ASSIGNED LC-TYPE CALL NUMBER (OCLC); LOCAL CALL NUMBER (RLIN)
Classification number (OCLC) (R) ; Classification number, CALL (RLIN) (NR) 259.072
Local cutter number (OCLC) ; Book number/undivided call number, CALL (RLIN) ج ا د
100 1# - MAIN ENTRY--PERSONAL NAME
Personal name جاد الحق، جاد الحق علي،
Dates associated with a name 1917-1996
Relator term مؤلف.
245 10 - TITLE STATEMENT
Title بحوث وفتاوى إسلامية في قضايا معاصرة /
Statement of responsibility, etc. لفضيلة الإمام الأكبر الشيخ جاد الحق علي جاد الحق.
264 #1 - PRODUCTION, PUBLICATION, DISTRIBUTION, MANUFACTURE, AND COPYRIGHT NOTICE
Place of production, publication, distribution, manufacture القاهرة :
Name of producer, publisher, distributor, manufacturer الأزهر الشريف، الأمانة العامة للجنة العليا للدعوة الإسلامية،
Date of production, publication, distribution, manufacture, or copyright notice 1994.
300 ## - PHYSICAL DESCRIPTION
Extent 2 مجلد (1040 صفحة) ؛
Dimensions 24 × 17 سم
336 ## - CONTENT TYPE
Content type term نص
Content type code txt
Source rdacontent
Materials specified كتاب
337 ## - MEDIA TYPE
Media type term بدون وسيط
Media type code n
Source rdamedia
338 ## - CARRIER TYPE
Carrier type term مجلد
Carrier type code nc
Source rdacarrier
500 ## - GENERAL NOTE
General note متعدد الطبعات.
520 ## - SUMMARY, ETC.
Summary, etc. يتناول كتاب (بحوث وفتاوى إسلامية في قضايا معاصرة) والذي قام بتأليفه الإمام الأكبر فضيلة الشيخ جاد الحق علي جاد الحق، موضوع (قضايا معاصرة) هذا الكتاب عبارة عن مجموعة من الفتاوى الشرعية الإسلامية؛ لشيخ الازهر جاد الحق في مختلف أمور الحياة اليومية.. جاد الحق علي جاد الحق (1335 – 1416هـ) شيخ الأزهر الشريف ومفتي الديار المصرية سابقا. تقلد العديد من المناصب الرفيعة، وخدم الدين والعلم في كل منصب تقلده؛ قاضيا ومفتيا ووزيرا، ثم شيخا للأزهر. وكان من أبرز جهوده في هذا الشأن اهتمامه بالبحوث في مختلف أصول الدين وفروعه، والمعارف الإسلامية مما كان له نتائج وفوائد جمة، منها التوسع في إنشاء المعاهد الدينية والكليات ومكاتب الدعوة والإرشاد، بحيث تضاعف عدد تلك المؤسسات أضعافا كبيرة داخل مصر وخارجها.
650 #7 - SUBJECT ADDED ENTRY--TOPICAL TERM
Topical term or geographic name entry element الفقه الإسلامي
General subdivision بحوث
Source of heading or term aucsh
650 #7 - SUBJECT ADDED ENTRY--TOPICAL TERM
Topical term or geographic name entry element الإفتاء
General subdivision بحوث
Source of heading or term aucsh
942 ## - ADDED ENTRY ELEMENTS (KOHA)
Source of classification or shelving scheme Dewey Decimal Classification
Koha item type Books
Suppress in OPAC No
949 ## - LOCAL PROCESSING INFORMATION (OCLC)
a SA-JeALM
d 240909
u mohamedma123
n 1
Holdings
Withdrawn status Lost status Source of classification or shelving scheme Materials specified (bound volume or other part) Damaged status Not for loan Home library Current library Date acquired Total checkouts Full call number Barcode Date last seen Price effective from Koha item type
    Dewey Decimal Classification المجلد الخامس     DR AbdElwahab Library DR AbdElwahab Library 11/09/2024   259.072 ج ا د 000003475 11/09/2024 11/09/2024 Books